000 00420pab a2200145 454500
008 180718b2005 xxu||||| |||| 00| 0 eng d
100 _aDeb, Sibnath et al.
245 _aPsychological stress of traffic police officers, causal factors behind the same and their coping strategies
260 _c2005
300 _ap.16-30.
362 _aJul-Sep
650 _aPolice
773 _aIndian Police Journal
909 _a70990
999 _c70990
_d70990